<?xml version="1.0" encoding="UTF-8"?>
<collection xmlns="http://www.loc.gov/MARC21/slim">
 <record>
  <leader>23664nas a22025211  4500</leader>
  <controlfield tag="001">1/50335</controlfield>
  <controlfield tag="008">021009c19719999enkmrzp           a0eng d</controlfield>
  <datafield tag="022" ind1=" " ind2=" ">
   <subfield code="a">0306-0209</subfield>
  </datafield>
  <datafield tag="035" ind1=" " ind2=" ">
   <subfield code="l">24011</subfield>
  </datafield>
  <datafield tag="040" ind1=" " ind2=" ">
   <subfield code="a">DLC</subfield>
   <subfield code="b">GR-PeUP</subfield>
  </datafield>
  <datafield tag="090" ind1=" " ind2=" ">
   <subfield code="a">Αλφαβητική σειρά</subfield>
  </datafield>
  <datafield tag="245" ind1="0" ind2="4">
   <subfield code="a">The naval architect</subfield>
  </datafield>
  <datafield tag="260" ind1=" " ind2=" ">
   <subfield code="a">London :</subfield>
   <subfield code="b">Royal Institution of Naval Architect,</subfield>
   <subfield code="c">1971</subfield>
  </datafield>
  <datafield tag="300" ind1=" " ind2=" ">
   <subfield code="a">v. ;</subfield>
   <subfield code="c">29 cm.</subfield>
  </datafield>
  <datafield tag="310" ind1=" " ind2=" ">
   <subfield code="a">Monthly</subfield>
  </datafield>
  <datafield tag="362" ind1="0" ind2=" ">
   <subfield code="a">No.1(Jan. 1999)-no.11(Dec. 1999)</subfield>
  </datafield>
  <datafield tag="362" ind1="0" ind2=" ">
   <subfield code="a">(January 2003)-</subfield>
  </datafield>
  <datafield tag="546" ind1=" " ind2=" ">
   <subfield code="a">English</subfield>
  </datafield>
  <datafield tag="650" ind1=" " ind2="4">
   <subfield code="a">Naval architecture</subfield>
   <subfield code="v">Periodicals.</subfield>
  </datafield>
  <datafield tag="852" ind1=" " ind2=" ">
   <subfield code="a">INST</subfield>
   <subfield code="b">UNIPILB</subfield>
   <subfield code="c">SERIALS</subfield>
   <subfield code="e">20041220</subfield>
   <subfield code="h">Αλφαβητική σειρά</subfield>
   <subfield code="p">38512</subfield>
   <subfield code="q">38512</subfield>
   <subfield code="t">NOLOAN</subfield>
   <subfield code="v">(Μήνας)January;(Έτος)2003:</subfield>
   <subfield code="y">23</subfield>
  </datafield>
  <datafield tag="852" ind1=" " ind2=" ">
   <subfield code="a">INST</subfield>
   <subfield code="b">UNIPILB</subfield>
   <subfield code="c">SERIALS</subfield>
   <subfield code="e">20041220</subfield>
   <subfield code="h">Αλφαβητική σειρά</subfield>
   <subfield code="p">38513</subfield>
   <subfield code="q">38513</subfield>
   <subfield code="t">NOLOAN</subfield>
   <subfield code="v">(Μήνας)February;(Έτος)2003:</subfield>
   <subfield code="y">23</subfield>
  </datafield>
  <datafield tag="852" ind1=" " ind2=" ">
   <subfield code="a">INST</subfield>
   <subfield code="b">UNIPILB</subfield>
   <subfield code="c">SERIALS</subfield>
   <subfield code="e">20041220</subfield>
   <subfield code="h">Αλφαβητική σειρά</subfield>
   <subfield code="p">38514</subfield>
   <subfield code="q">38514</subfield>
   <subfield code="t">NOLOAN</subfield>
   <subfield code="v">(Μήνας)March;(Έτος)2003:</subfield>
   <subfield code="y">23</subfield>
  </datafield>
  <datafield tag="852" ind1=" " ind2=" ">
   <subfield code="a">INST</subfield>
   <subfield code="b">UNIPILB</subfield>
   <subfield code="c">SERIALS</subfield>
   <subfield code="e">20041220</subfield>
   <subfield code="h">Αλφαβητική σειρά</subfield>
   <subfield code="p">38515</subfield>
   <subfield code="q">38515</subfield>
   <subfield code="t">NOLOAN</subfield>
   <subfield code="v">(Μήνας)April;(Έτος)2003:</subfield>
   <subfield code="y">23</subfield>
  </datafield>
  <datafield tag="852" ind1=" " ind2=" ">
   <subfield code="a">INST</subfield>
   <subfield code="b">UNIPILB</subfield>
   <subfield code="c">SERIALS</subfield>
   <subfield code="e">20041220</subfield>
   <subfield code="h">Αλφαβητική σειρά</subfield>
   <subfield code="p">38516</subfield>
   <subfield code="q">38516</subfield>
   <subfield code="t">NOLOAN</subfield>
   <subfield code="v">(Μήνας)May;(Έτος)2003:</subfield>
   <subfield code="y">23</subfield>
  </datafield>
  <datafield tag="852" ind1=" " ind2=" ">
   <subfield code="a">INST</subfield>
   <subfield code="b">UNIPILB</subfield>
   <subfield code="c">SERIALS</subfield>
   <subfield code="e">20041220</subfield>
   <subfield code="h">Αλφαβητική σειρά</subfield>
   <subfield code="p">38517</subfield>
   <subfield code="q">38517</subfield>
   <subfield code="t">NOLOAN</subfield>
   <subfield code="v">(Μήνας)June;(Έτος)2003:</subfield>
   <subfield code="y">23</subfield>
  </datafield>
  <datafield tag="852" ind1=" " ind2=" ">
   <subfield code="a">INST</subfield>
   <subfield code="b">UNIPILB</subfield>
   <subfield code="c">SERIALS</subfield>
   <subfield code="e">20041220</subfield>
   <subfield code="h">Αλφαβητική σειρά</subfield>
   <subfield code="p">38518</subfield>
   <subfield code="q">38518</subfield>
   <subfield code="t">NOLOAN</subfield>
   <subfield code="v">(Μήνες)Jul.-Aug.;(Έτος)2003:</subfield>
   <subfield code="y">23</subfield>
  </datafield>
  <datafield tag="852" ind1=" " ind2=" ">
   <subfield code="a">INST</subfield>
   <subfield code="b">UNIPILB</subfield>
   <subfield code="c">SERIALS</subfield>
   <subfield code="e">20041220</subfield>
   <subfield code="h">Αλφαβητική σειρά</subfield>
   <subfield code="p">38519</subfield>
   <subfield code="q">38519</subfield>
   <subfield code="t">NOLOAN</subfield>
   <subfield code="v">(Μήνας)September;(Έτος)2003:</subfield>
   <subfield code="y">23</subfield>
  </datafield>
  <datafield tag="852" ind1=" " ind2=" ">
   <subfield code="a">INST</subfield>
   <subfield code="b">UNIPILB</subfield>
   <subfield code="c">SERIALS</subfield>
   <subfield code="e">20041220</subfield>
   <subfield code="h">Αλφαβητική σειρά</subfield>
   <subfield code="p">38520</subfield>
   <subfield code="q">38520</subfield>
   <subfield code="t">NOLOAN</subfield>
   <subfield code="v">(Μήνας)October;(Έτος)2003:</subfield>
   <subfield code="y">23</subfield>
  </datafield>
  <datafield tag="852" ind1=" " ind2=" ">
   <subfield code="a">INST</subfield>
   <subfield code="b">UNIPILB</subfield>
   <subfield code="c">SERIALS</subfield>
   <subfield code="e">20041220</subfield>
   <subfield code="h">Αλφαβητική σειρά</subfield>
   <subfield code="p">38521</subfield>
   <subfield code="q">38521</subfield>
   <subfield code="t">NOLOAN</subfield>
   <subfield code="v">(Μήνας)November;(Έτος)2003:</subfield>
   <subfield code="y">23</subfield>
  </datafield>
  <datafield tag="852" ind1=" " ind2=" ">
   <subfield code="a">INST</subfield>
   <subfield code="b">UNIPILB</subfield>
   <subfield code="c">SERIALS</subfield>
   <subfield code="e">20050118</subfield>
   <subfield code="h">Αλφαβητική σειρά</subfield>
   <subfield code="p">38978</subfield>
   <subfield code="q">38978</subfield>
   <subfield code="t">NOLOAN</subfield>
   <subfield code="v">(Μήνας)January;(Έτος)2004:</subfield>
   <subfield code="y">23</subfield>
  </datafield>
  <datafield tag="852" ind1=" " ind2=" ">
   <subfield code="a">INST</subfield>
   <subfield code="b">UNIPILB</subfield>
   <subfield code="c">SERIALS</subfield>
   <subfield code="e">20050118</subfield>
   <subfield code="h">Αλφαβητική σειρά</subfield>
   <subfield code="p">38979</subfield>
   <subfield code="q">38979</subfield>
   <subfield code="t">NOLOAN</subfield>
   <subfield code="v">(Μήνας)February;(Έτος)2004:</subfield>
   <subfield code="y">23</subfield>
  </datafield>
  <datafield tag="852" ind1=" " ind2=" ">
   <subfield code="a">INST</subfield>
   <subfield code="b">UNIPILB</subfield>
   <subfield code="c">SERIALS</subfield>
   <subfield code="e">20050118</subfield>
   <subfield code="h">Αλφαβητική σειρά</subfield>
   <subfield code="p">38980</subfield>
   <subfield code="q">38980</subfield>
   <subfield code="t">NOLOAN</subfield>
   <subfield code="v">(Μήνας)March;(Έτος)2004:</subfield>
   <subfield code="y">23</subfield>
  </datafield>
  <datafield tag="852" ind1=" " ind2=" ">
   <subfield code="a">INST</subfield>
   <subfield code="b">UNIPILB</subfield>
   <subfield code="c">SERIALS</subfield>
   <subfield code="e">20050118</subfield>
   <subfield code="h">Αλφαβητική σειρά</subfield>
   <subfield code="p">38981</subfield>
   <subfield code="q">38981</subfield>
   <subfield code="t">NOLOAN</subfield>
   <subfield code="v">(Μήνας)April;(Έτος)2004:</subfield>
   <subfield code="y">23</subfield>
  </datafield>
  <datafield tag="852" ind1=" " ind2=" ">
   <subfield code="a">INST</subfield>
   <subfield code="b">UNIPILB</subfield>
   <subfield code="c">SERIALS</subfield>
   <subfield code="e">20050118</subfield>
   <subfield code="h">Αλφαβητική σειρά</subfield>
   <subfield code="p">38982</subfield>
   <subfield code="q">38982</subfield>
   <subfield code="t">NOLOAN</subfield>
   <subfield code="v">(Μήνας)May;(Έτος)2004:</subfield>
   <subfield code="y">23</subfield>
  </datafield>
  <datafield tag="852" ind1=" " ind2=" ">
   <subfield code="a">INST</subfield>
   <subfield code="b">UNIPILB</subfield>
   <subfield code="c">SERIALS</subfield>
   <subfield code="e">20050118</subfield>
   <subfield code="h">Αλφαβητική σειρά</subfield>
   <subfield code="p">38983</subfield>
   <subfield code="q">38983</subfield>
   <subfield code="t">NOLOAN</subfield>
   <subfield code="v">(Μήνας)June;(Έτος)2004:</subfield>
   <subfield code="y">23</subfield>
  </datafield>
  <datafield tag="852" ind1=" " ind2=" ">
   <subfield code="a">INST</subfield>
   <subfield code="b">UNIPILB</subfield>
   <subfield code="c">SERIALS</subfield>
   <subfield code="e">20050118</subfield>
   <subfield code="h">Αλφαβητική σειρά</subfield>
   <subfield code="p">38984</subfield>
   <subfield code="q">38984</subfield>
   <subfield code="t">NOLOAN</subfield>
   <subfield code="v">(Μήνες)Jul.-Aug.;(Έτος)2004:</subfield>
   <subfield code="y">23</subfield>
  </datafield>
  <datafield tag="852" ind1=" " ind2=" ">
   <subfield code="a">INST</subfield>
   <subfield code="b">UNIPILB</subfield>
   <subfield code="c">SERIALS</subfield>
   <subfield code="e">20050118</subfield>
   <subfield code="h">Αλφαβητική σειρά</subfield>
   <subfield code="p">38986</subfield>
   <subfield code="q">38986</subfield>
   <subfield code="t">NOLOAN</subfield>
   <subfield code="v">(Μήνας)September;(Έτος)2004:</subfield>
   <subfield code="y">23</subfield>
  </datafield>
  <datafield tag="852" ind1=" " ind2=" ">
   <subfield code="a">INST</subfield>
   <subfield code="b">UNIPILB</subfield>
   <subfield code="c">SERIALS</subfield>
   <subfield code="e">20050118</subfield>
   <subfield code="h">Αλφαβητική σειρά</subfield>
   <subfield code="p">38987</subfield>
   <subfield code="q">38987</subfield>
   <subfield code="t">NOLOAN</subfield>
   <subfield code="v">(Μήνας)October;(Έτος)2004:</subfield>
   <subfield code="y">23</subfield>
  </datafield>
  <datafield tag="852" ind1=" " ind2=" ">
   <subfield code="a">INST</subfield>
   <subfield code="b">UNIPILB</subfield>
   <subfield code="c">SERIALS</subfield>
   <subfield code="e">20050118</subfield>
   <subfield code="h">Αλφαβητική σειρά</subfield>
   <subfield code="p">39000</subfield>
   <subfield code="q">39000</subfield>
   <subfield code="t">NOLOAN</subfield>
   <subfield code="v">vol.Gas Carriers:(Μήνας)September;(Έτος)2004</subfield>
   <subfield code="y">23</subfield>
  </datafield>
  <datafield tag="852" ind1=" " ind2=" ">
   <subfield code="a">INST</subfield>
   <subfield code="b">UNIPILB</subfield>
   <subfield code="c">SERIALS</subfield>
   <subfield code="e">20050118</subfield>
   <subfield code="h">Αλφαβητική σειρά</subfield>
   <subfield code="p">39001</subfield>
   <subfield code="q">39001</subfield>
   <subfield code="t">NOLOAN</subfield>
   <subfield code="v">iss.TTS Review:(Μήνας)September;(Έτος)2004</subfield>
   <subfield code="y">23</subfield>
  </datafield>
  <datafield tag="852" ind1=" " ind2=" ">
   <subfield code="a">INST</subfield>
   <subfield code="b">UNIPILB</subfield>
   <subfield code="c">SERIALS</subfield>
   <subfield code="e">20050120</subfield>
   <subfield code="h">Αλφαβητική σειρά</subfield>
   <subfield code="p">39146</subfield>
   <subfield code="q">39146</subfield>
   <subfield code="t">NOLOAN</subfield>
   <subfield code="v">iss.Genesis of a Queen - Queen Mary 2:(Μήνας)June;(Έτος)2004</subfield>
   <subfield code="y">23</subfield>
  </datafield>
  <datafield tag="852" ind1=" " ind2=" ">
   <subfield code="a">INST</subfield>
   <subfield code="b">UNIPILB</subfield>
   <subfield code="c">SERIALS</subfield>
   <subfield code="e">20050125</subfield>
   <subfield code="h">Αλφαβητική σειρά</subfield>
   <subfield code="p">39260</subfield>
   <subfield code="q">39260</subfield>
   <subfield code="t">NOLOAN</subfield>
   <subfield code="v">(Μήνας)November;(Έτος)2004:</subfield>
   <subfield code="y">23</subfield>
  </datafield>
  <datafield tag="852" ind1=" " ind2=" ">
   <subfield code="a">INST</subfield>
   <subfield code="b">UNIPILB</subfield>
   <subfield code="c">SERIALS</subfield>
   <subfield code="e">20050127</subfield>
   <subfield code="h">Αλφαβητική σειρά</subfield>
   <subfield code="p">39377</subfield>
   <subfield code="q">39377</subfield>
   <subfield code="t">NOLOAN</subfield>
   <subfield code="v">vol.RODRIQUEZ - A story of high speed success:(Μήνας)November;(Έτος)2004</subfield>
   <subfield code="y">23</subfield>
  </datafield>
  <datafield tag="852" ind1=" " ind2=" ">
   <subfield code="a">INST</subfield>
   <subfield code="b">UNIPILB</subfield>
   <subfield code="c">SERIALS</subfield>
   <subfield code="e">20060120</subfield>
   <subfield code="h">Αλφαβητική σειρά</subfield>
   <subfield code="p">49779</subfield>
   <subfield code="q">49779</subfield>
   <subfield code="t">NOLOAN</subfield>
   <subfield code="v">(Μήνας)January;(Έτος)2005:</subfield>
   <subfield code="y">23</subfield>
  </datafield>
  <datafield tag="852" ind1=" " ind2=" ">
   <subfield code="a">INST</subfield>
   <subfield code="b">UNIPILB</subfield>
   <subfield code="c">SERIALS</subfield>
   <subfield code="e">20060120</subfield>
   <subfield code="h">Αλφαβητική σειρά</subfield>
   <subfield code="p">49780</subfield>
   <subfield code="q">49780</subfield>
   <subfield code="t">NOLOAN</subfield>
   <subfield code="v">iss.Genesis of a Queen - Cunard Line's Queen Mary 2:(Μήνας)January;(Έτος)2005</subfield>
   <subfield code="y">23</subfield>
  </datafield>
  <datafield tag="852" ind1=" " ind2=" ">
   <subfield code="a">INST</subfield>
   <subfield code="b">UNIPILB</subfield>
   <subfield code="c">SERIALS</subfield>
   <subfield code="e">20060120</subfield>
   <subfield code="h">Αλφαβητική σειρά</subfield>
   <subfield code="p">49781</subfield>
   <subfield code="q">49781</subfield>
   <subfield code="t">NOLOAN</subfield>
   <subfield code="v">(Μήνας)February;(Έτος)2005:</subfield>
   <subfield code="y">23</subfield>
  </datafield>
  <datafield tag="852" ind1=" " ind2=" ">
   <subfield code="a">INST</subfield>
   <subfield code="b">UNIPILB</subfield>
   <subfield code="c">SERIALS</subfield>
   <subfield code="e">20060120</subfield>
   <subfield code="h">Αλφαβητική σειρά</subfield>
   <subfield code="p">49782</subfield>
   <subfield code="q">49782</subfield>
   <subfield code="t">NOLOAN</subfield>
   <subfield code="v">(Μήνας)March;(Έτος)2005:</subfield>
   <subfield code="y">23</subfield>
  </datafield>
  <datafield tag="852" ind1=" " ind2=" ">
   <subfield code="a">INST</subfield>
   <subfield code="b">UNIPILB</subfield>
   <subfield code="c">SERIALS</subfield>
   <subfield code="e">20060120</subfield>
   <subfield code="h">Αλφαβητική σειρά</subfield>
   <subfield code="p">49783</subfield>
   <subfield code="q">49783</subfield>
   <subfield code="t">NOLOAN</subfield>
   <subfield code="v">(Μήνας)April;(Έτος)2005:</subfield>
   <subfield code="y">23</subfield>
  </datafield>
  <datafield tag="852" ind1=" " ind2=" ">
   <subfield code="a">INST</subfield>
   <subfield code="b">UNIPILB</subfield>
   <subfield code="c">SERIALS</subfield>
   <subfield code="e">20060120</subfield>
   <subfield code="h">Αλφαβητική σειρά</subfield>
   <subfield code="p">49784</subfield>
   <subfield code="q">49784</subfield>
   <subfield code="t">NOLOAN</subfield>
   <subfield code="v">(Μήνας)May;(Έτος)2005:</subfield>
   <subfield code="y">23</subfield>
  </datafield>
  <datafield tag="852" ind1=" " ind2=" ">
   <subfield code="a">INST</subfield>
   <subfield code="b">UNIPILB</subfield>
   <subfield code="c">SERIALS</subfield>
   <subfield code="e">20060120</subfield>
   <subfield code="h">Αλφαβητική σειρά</subfield>
   <subfield code="p">49785</subfield>
   <subfield code="q">49785</subfield>
   <subfield code="t">NOLOAN</subfield>
   <subfield code="v">(Μήνας)June;(Έτος)2005:</subfield>
   <subfield code="y">23</subfield>
  </datafield>
  <datafield tag="852" ind1=" " ind2=" ">
   <subfield code="a">INST</subfield>
   <subfield code="b">UNIPILB</subfield>
   <subfield code="c">SERIALS</subfield>
   <subfield code="e">20060120</subfield>
   <subfield code="h">Αλφαβητική σειρά</subfield>
   <subfield code="p">49786</subfield>
   <subfield code="q">49786</subfield>
   <subfield code="t">NOLOAN</subfield>
   <subfield code="v">(Μήνες)Jul.-Aug.;(Έτος)2005:</subfield>
   <subfield code="y">23</subfield>
  </datafield>
  <datafield tag="852" ind1=" " ind2=" ">
   <subfield code="a">INST</subfield>
   <subfield code="b">UNIPILB</subfield>
   <subfield code="c">SERIALS</subfield>
   <subfield code="e">20060120</subfield>
   <subfield code="h">Αλφαβητική σειρά</subfield>
   <subfield code="p">49787</subfield>
   <subfield code="q">49787</subfield>
   <subfield code="t">NOLOAN</subfield>
   <subfield code="v">(Μήνας)September;(Έτος)2005:</subfield>
   <subfield code="y">23</subfield>
  </datafield>
  <datafield tag="852" ind1=" " ind2=" ">
   <subfield code="a">INST</subfield>
   <subfield code="b">UNIPILB</subfield>
   <subfield code="c">SERIALS</subfield>
   <subfield code="e">20060120</subfield>
   <subfield code="h">Αλφαβητική σειρά</subfield>
   <subfield code="p">49788</subfield>
   <subfield code="q">49788</subfield>
   <subfield code="t">NOLOAN</subfield>
   <subfield code="v">(Μήνας)October;(Έτος)2005:</subfield>
   <subfield code="y">23</subfield>
  </datafield>
  <datafield tag="852" ind1=" " ind2=" ">
   <subfield code="a">INST</subfield>
   <subfield code="b">UNIPILB</subfield>
   <subfield code="c">SERIALS</subfield>
   <subfield code="e">20060120</subfield>
   <subfield code="h">Αλφαβητική σειρά</subfield>
   <subfield code="p">49789</subfield>
   <subfield code="q">49789</subfield>
   <subfield code="t">NOLOAN</subfield>
   <subfield code="v">(Μήνας)November;(Έτος)2005:</subfield>
   <subfield code="y">23</subfield>
  </datafield>
  <datafield tag="852" ind1=" " ind2=" ">
   <subfield code="a">INST</subfield>
   <subfield code="b">UNIPILB</subfield>
   <subfield code="c">SERIALS</subfield>
   <subfield code="e">20060120</subfield>
   <subfield code="h">Αλφαβητική σειρά</subfield>
   <subfield code="p">49790</subfield>
   <subfield code="q">49790</subfield>
   <subfield code="t">NOLOAN</subfield>
   <subfield code="v">vol.CLT - A Proven propeller for efficient ships:(Μήνες)July/August;(Έτος)2005</subfield>
   <subfield code="y">23</subfield>
  </datafield>
  <datafield tag="852" ind1=" " ind2=" ">
   <subfield code="a">INST</subfield>
   <subfield code="b">UNIPILB</subfield>
   <subfield code="c">SERIALS</subfield>
   <subfield code="e">20060120</subfield>
   <subfield code="h">Αλφαβητική σειρά</subfield>
   <subfield code="p">49791</subfield>
   <subfield code="q">49791</subfield>
   <subfield code="t">NOLOAN</subfield>
   <subfield code="v">iss.Marine Power &amp; Propulsion solutions for naval architects:(Μήνας)November;(Έτος)2005</subfield>
   <subfield code="y">23</subfield>
  </datafield>
  <datafield tag="852" ind1=" " ind2=" ">
   <subfield code="a">INST</subfield>
   <subfield code="b">UNIPILB</subfield>
   <subfield code="c">SERIALS</subfield>
   <subfield code="e">20070913</subfield>
   <subfield code="h">Αλφαβητική σειρά</subfield>
   <subfield code="p">57038</subfield>
   <subfield code="q">57038</subfield>
   <subfield code="t">NOLOAN</subfield>
   <subfield code="v">(Μήνας)January;(Έτος)2006:</subfield>
   <subfield code="y">23</subfield>
  </datafield>
  <datafield tag="852" ind1=" " ind2=" ">
   <subfield code="a">INST</subfield>
   <subfield code="b">UNIPILB</subfield>
   <subfield code="c">SERIALS</subfield>
   <subfield code="e">20070913</subfield>
   <subfield code="h">Αλφαβητική σειρά</subfield>
   <subfield code="p">57039</subfield>
   <subfield code="q">57039</subfield>
   <subfield code="t">NOLOAN</subfield>
   <subfield code="v">(Μήνας)February;(Έτος)2006:</subfield>
   <subfield code="y">23</subfield>
  </datafield>
  <datafield tag="852" ind1=" " ind2=" ">
   <subfield code="a">INST</subfield>
   <subfield code="b">UNIPILB</subfield>
   <subfield code="c">SERIALS</subfield>
   <subfield code="e">20070913</subfield>
   <subfield code="h">Αλφαβητική σειρά</subfield>
   <subfield code="p">57040</subfield>
   <subfield code="q">57040</subfield>
   <subfield code="t">NOLOAN</subfield>
   <subfield code="v">(Μήνας)March;(Έτος)2006:</subfield>
   <subfield code="y">23</subfield>
  </datafield>
  <datafield tag="852" ind1=" " ind2=" ">
   <subfield code="a">INST</subfield>
   <subfield code="b">UNIPILB</subfield>
   <subfield code="c">SERIALS</subfield>
   <subfield code="e">20070913</subfield>
   <subfield code="h">Αλφαβητική σειρά</subfield>
   <subfield code="p">57041</subfield>
   <subfield code="q">57041</subfield>
   <subfield code="t">NOLOAN</subfield>
   <subfield code="v">(Μήνας)April;(Έτος)2006:</subfield>
   <subfield code="y">23</subfield>
  </datafield>
  <datafield tag="852" ind1=" " ind2=" ">
   <subfield code="a">INST</subfield>
   <subfield code="b">UNIPILB</subfield>
   <subfield code="c">SERIALS</subfield>
   <subfield code="e">20070913</subfield>
   <subfield code="h">Αλφαβητική σειρά</subfield>
   <subfield code="p">57042</subfield>
   <subfield code="q">57042</subfield>
   <subfield code="t">NOLOAN</subfield>
   <subfield code="v">(Μήνας)May;(Έτος)2006:</subfield>
   <subfield code="y">23</subfield>
  </datafield>
  <datafield tag="852" ind1=" " ind2=" ">
   <subfield code="a">INST</subfield>
   <subfield code="b">UNIPILB</subfield>
   <subfield code="c">SERIALS</subfield>
   <subfield code="e">20070913</subfield>
   <subfield code="h">Αλφαβητική σειρά</subfield>
   <subfield code="p">57043</subfield>
   <subfield code="q">57043</subfield>
   <subfield code="t">NOLOAN</subfield>
   <subfield code="v">(Μήνας)June;(Έτος)2006:</subfield>
   <subfield code="y">23</subfield>
  </datafield>
  <datafield tag="852" ind1=" " ind2=" ">
   <subfield code="a">INST</subfield>
   <subfield code="b">UNIPILB</subfield>
   <subfield code="c">SERIALS</subfield>
   <subfield code="e">20070913</subfield>
   <subfield code="h">Αλφαβητική σειρά</subfield>
   <subfield code="p">57044</subfield>
   <subfield code="q">57044</subfield>
   <subfield code="t">NOLOAN</subfield>
   <subfield code="v">(Μήνες)Jul.-Aug.;(Έτος)2006:</subfield>
   <subfield code="y">23</subfield>
  </datafield>
  <datafield tag="852" ind1=" " ind2=" ">
   <subfield code="a">INST</subfield>
   <subfield code="b">UNIPILB</subfield>
   <subfield code="c">SERIALS</subfield>
   <subfield code="e">20070913</subfield>
   <subfield code="h">Αλφαβητική σειρά</subfield>
   <subfield code="p">57045</subfield>
   <subfield code="q">57045</subfield>
   <subfield code="t">NOLOAN</subfield>
   <subfield code="v">(Μήνας)September;(Έτος)2006:</subfield>
   <subfield code="y">23</subfield>
  </datafield>
  <datafield tag="852" ind1=" " ind2=" ">
   <subfield code="a">INST</subfield>
   <subfield code="b">UNIPILB</subfield>
   <subfield code="c">SERIALS</subfield>
   <subfield code="e">20070913</subfield>
   <subfield code="h">Αλφαβητική σειρά</subfield>
   <subfield code="p">57046</subfield>
   <subfield code="q">57046</subfield>
   <subfield code="t">NOLOAN</subfield>
   <subfield code="v">(Μήνας)October;(Έτος)2006:</subfield>
   <subfield code="y">23</subfield>
  </datafield>
  <datafield tag="852" ind1=" " ind2=" ">
   <subfield code="a">INST</subfield>
   <subfield code="b">UNIPILB</subfield>
   <subfield code="c">SERIALS</subfield>
   <subfield code="e">20070913</subfield>
   <subfield code="h">Αλφαβητική σειρά</subfield>
   <subfield code="p">57047</subfield>
   <subfield code="q">57047</subfield>
   <subfield code="t">NOLOAN</subfield>
   <subfield code="v">(Μήνας)November;(Έτος)2006:</subfield>
   <subfield code="y">23</subfield>
  </datafield>
  <datafield tag="852" ind1=" " ind2=" ">
   <subfield code="a">INST</subfield>
   <subfield code="b">UNIPILB</subfield>
   <subfield code="c">SERIALS</subfield>
   <subfield code="e">20070913</subfield>
   <subfield code="h">Αλφαβητική σειρά</subfield>
   <subfield code="p">57048</subfield>
   <subfield code="q">57048</subfield>
   <subfield code="t">NOLOAN</subfield>
   <subfield code="v">vol.Gas Ships:(Μήνας)October;(Έτος)2006</subfield>
   <subfield code="y">23</subfield>
  </datafield>
  <datafield tag="852" ind1=" " ind2=" ">
   <subfield code="a">INST</subfield>
   <subfield code="b">UNIPILB</subfield>
   <subfield code="c">SERIALS</subfield>
   <subfield code="e">20070917</subfield>
   <subfield code="h">Αλφαβητική σειρά</subfield>
   <subfield code="p">57141</subfield>
   <subfield code="q">57141</subfield>
   <subfield code="t">NOLOAN</subfield>
   <subfield code="v">(Μήνας)January;(Έτος)2007:</subfield>
   <subfield code="y">23</subfield>
  </datafield>
  <datafield tag="852" ind1=" " ind2=" ">
   <subfield code="a">INST</subfield>
   <subfield code="b">UNIPILB</subfield>
   <subfield code="c">SERIALS</subfield>
   <subfield code="e">20070917</subfield>
   <subfield code="h">Αλφαβητική σειρά</subfield>
   <subfield code="p">57142</subfield>
   <subfield code="q">57142</subfield>
   <subfield code="t">NOLOAN</subfield>
   <subfield code="v">(Μήνας)February;(Έτος)2007:</subfield>
   <subfield code="y">23</subfield>
  </datafield>
  <datafield tag="852" ind1=" " ind2=" ">
   <subfield code="a">INST</subfield>
   <subfield code="b">UNIPILB</subfield>
   <subfield code="c">SERIALS</subfield>
   <subfield code="e">20070917</subfield>
   <subfield code="h">Αλφαβητική σειρά</subfield>
   <subfield code="p">57143</subfield>
   <subfield code="q">57143</subfield>
   <subfield code="t">NOLOAN</subfield>
   <subfield code="v">(Μήνας)March;(Έτος)2007:</subfield>
   <subfield code="y">23</subfield>
  </datafield>
  <datafield tag="852" ind1=" " ind2=" ">
   <subfield code="a">INST</subfield>
   <subfield code="b">UNIPILB</subfield>
   <subfield code="c">SERIALS</subfield>
   <subfield code="e">20070917</subfield>
   <subfield code="h">Αλφαβητική σειρά</subfield>
   <subfield code="p">57144</subfield>
   <subfield code="q">57144</subfield>
   <subfield code="t">NOLOAN</subfield>
   <subfield code="v">iss.Offshore Marine Technology:(Μήνες)July-August;(Έτος)2004</subfield>
   <subfield code="y">23</subfield>
  </datafield>
  <datafield tag="852" ind1=" " ind2=" ">
   <subfield code="a">INST</subfield>
   <subfield code="b">UNIPILB</subfield>
   <subfield code="c">SERIALS</subfield>
   <subfield code="e">20070917</subfield>
   <subfield code="h">Αλφαβητική σειρά</subfield>
   <subfield code="p">57145</subfield>
   <subfield code="q">57145</subfield>
   <subfield code="t">NOLOAN</subfield>
   <subfield code="v">iss.Offshore Marine Technology:(Τρίμηνο)3rd quarter;(Έτος)2006</subfield>
   <subfield code="y">23</subfield>
  </datafield>
  <datafield tag="852" ind1=" " ind2=" ">
   <subfield code="a">INST</subfield>
   <subfield code="b">UNIPILB</subfield>
   <subfield code="c">SERIALS</subfield>
   <subfield code="e">20070917</subfield>
   <subfield code="h">Αλφαβητική σειρά</subfield>
   <subfield code="p">57146</subfield>
   <subfield code="q">57146</subfield>
   <subfield code="t">NOLOAN</subfield>
   <subfield code="v">iss.Offshore Marine Technology:(Τρίμηνο)4th quarter;(Έτος)2006</subfield>
   <subfield code="y">23</subfield>
  </datafield>
  <datafield tag="852" ind1=" " ind2=" ">
   <subfield code="a">INST</subfield>
   <subfield code="b">UNIPILB</subfield>
   <subfield code="c">SERIALS</subfield>
   <subfield code="e">20070917</subfield>
   <subfield code="h">Αλφαβητική σειρά</subfield>
   <subfield code="p">57147</subfield>
   <subfield code="q">57147</subfield>
   <subfield code="t">NOLOAN</subfield>
   <subfield code="v">iss.Offshore Marine Technology:(Τρίμηνο)1st quarter;(Έτος)2007</subfield>
   <subfield code="y">23</subfield>
  </datafield>
  <datafield tag="852" ind1=" " ind2=" ">
   <subfield code="a">INST</subfield>
   <subfield code="b">UNIPILB</subfield>
   <subfield code="c">SERIALS</subfield>
   <subfield code="e">20070917</subfield>
   <subfield code="h">Αλφαβητική σειρά</subfield>
   <subfield code="p">57148</subfield>
   <subfield code="q">57148</subfield>
   <subfield code="t">NOLOAN</subfield>
   <subfield code="v">no.90 Report - Report is a newsletter of MARIN:(Μήνας)February;(Έτος)2007</subfield>
   <subfield code="y">23</subfield>
  </datafield>
  <datafield tag="852" ind1=" " ind2=" ">
   <subfield code="a">INST</subfield>
   <subfield code="b">UNIPILB</subfield>
   <subfield code="c">SERIALS</subfield>
   <subfield code="e">20070919</subfield>
   <subfield code="h">Αλφαβητική σειρά</subfield>
   <subfield code="p">57354</subfield>
   <subfield code="q">57354</subfield>
   <subfield code="t">NOLOAN</subfield>
   <subfield code="v">(Μήνες)Jul.-Aug.;(Έτος)2007:</subfield>
   <subfield code="y">23</subfield>
  </datafield>
  <datafield tag="852" ind1=" " ind2=" ">
   <subfield code="a">INST</subfield>
   <subfield code="b">UNIPILB</subfield>
   <subfield code="c">SERIALS</subfield>
   <subfield code="e">20070919</subfield>
   <subfield code="h">Αλφαβητική σειρά</subfield>
   <subfield code="p">57355</subfield>
   <subfield code="q">57355</subfield>
   <subfield code="t">NOLOAN</subfield>
   <subfield code="v">vol.Harland &amp; Wolff succeeding through technical diversification:(Μήνες)July/August;(Έτος)2007</subfield>
   <subfield code="y">23</subfield>
  </datafield>
  <datafield tag="852" ind1=" " ind2=" ">
   <subfield code="a">INST</subfield>
   <subfield code="b">UNIPILB</subfield>
   <subfield code="c">SERIALS</subfield>
   <subfield code="e">20071019</subfield>
   <subfield code="h">Αλφαβητική σειρά</subfield>
   <subfield code="p">57695</subfield>
   <subfield code="q">57695</subfield>
   <subfield code="t">NOLOAN</subfield>
   <subfield code="v">(Μήνας)September;(Έτος)2007:</subfield>
   <subfield code="y">23</subfield>
  </datafield>
  <datafield tag="852" ind1=" " ind2=" ">
   <subfield code="a">INST</subfield>
   <subfield code="b">UNIPILB</subfield>
   <subfield code="c">SERIALS</subfield>
   <subfield code="e">20071019</subfield>
   <subfield code="h">Αλφαβητική σειρά</subfield>
   <subfield code="p">57696</subfield>
   <subfield code="q">57696</subfield>
   <subfield code="t">NOLOAN</subfield>
   <subfield code="v">iss.Offshore Marine Technology:(Τρίμηνο)3rd quarter;(Έτος)2007</subfield>
   <subfield code="y">23</subfield>
  </datafield>
  <datafield tag="852" ind1=" " ind2=" ">
   <subfield code="a">INST</subfield>
   <subfield code="b">UNIPILB</subfield>
   <subfield code="c">SERIALS</subfield>
   <subfield code="e">20071019</subfield>
   <subfield code="h">Αλφαβητική σειρά</subfield>
   <subfield code="p">57697</subfield>
   <subfield code="q">57697</subfield>
   <subfield code="t">NOLOAN</subfield>
   <subfield code="v">iss.iss.:</subfield>
   <subfield code="y">23</subfield>
  </datafield>
  <datafield tag="852" ind1=" " ind2=" ">
   <subfield code="a">INST</subfield>
   <subfield code="b">UNIPILB</subfield>
   <subfield code="c">SERIALS</subfield>
   <subfield code="e">20071203</subfield>
   <subfield code="h">Αλφαβητική σειρά</subfield>
   <subfield code="p">58753</subfield>
   <subfield code="q">58753</subfield>
   <subfield code="t">NOLOAN</subfield>
   <subfield code="v">(Μήνας)April;(Έτος)2007:</subfield>
   <subfield code="y">23</subfield>
  </datafield>
  <datafield tag="852" ind1=" " ind2=" ">
   <subfield code="a">INST</subfield>
   <subfield code="b">UNIPILB</subfield>
   <subfield code="c">SERIALS</subfield>
   <subfield code="e">20071203</subfield>
   <subfield code="h">Αλφαβητική σειρά</subfield>
   <subfield code="p">58754</subfield>
   <subfield code="q">58754</subfield>
   <subfield code="t">NOLOAN</subfield>
   <subfield code="v">(Μήνας)May;(Έτος)2007:</subfield>
   <subfield code="y">23</subfield>
  </datafield>
  <datafield tag="852" ind1=" " ind2=" ">
   <subfield code="a">INST</subfield>
   <subfield code="b">UNIPILB</subfield>
   <subfield code="c">SERIALS</subfield>
   <subfield code="e">20071203</subfield>
   <subfield code="h">Αλφαβητική σειρά</subfield>
   <subfield code="p">58755</subfield>
   <subfield code="q">58755</subfield>
   <subfield code="t">NOLOAN</subfield>
   <subfield code="v">(Μήνας)June;(Έτος)2007:</subfield>
   <subfield code="y">23</subfield>
  </datafield>
  <datafield tag="852" ind1=" " ind2=" ">
   <subfield code="a">INST</subfield>
   <subfield code="b">UNIPILB</subfield>
   <subfield code="c">SERIALS</subfield>
   <subfield code="e">20071203</subfield>
   <subfield code="h">Αλφαβητική σειρά</subfield>
   <subfield code="p">58756</subfield>
   <subfield code="q">58756</subfield>
   <subfield code="t">NOLOAN</subfield>
   <subfield code="v">(Μήνας)October;(Έτος)2007:</subfield>
   <subfield code="y">23</subfield>
  </datafield>
  <datafield tag="852" ind1=" " ind2=" ">
   <subfield code="a">INST</subfield>
   <subfield code="b">UNIPILB</subfield>
   <subfield code="c">SERIALS</subfield>
   <subfield code="e">20071203</subfield>
   <subfield code="h">Αλφαβητική σειρά</subfield>
   <subfield code="p">58757</subfield>
   <subfield code="q">58757</subfield>
   <subfield code="t">NOLOAN</subfield>
   <subfield code="v">iss.Ice Class Ships:(Μήνας)June;(Έτος)2007</subfield>
   <subfield code="y">23</subfield>
  </datafield>
  <datafield tag="852" ind1=" " ind2=" ">
   <subfield code="a">INST</subfield>
   <subfield code="b">UNIPILB</subfield>
   <subfield code="c">SERIALS</subfield>
   <subfield code="e">20071203</subfield>
   <subfield code="h">Αλφαβητική σειρά</subfield>
   <subfield code="p">58758</subfield>
   <subfield code="q">58758</subfield>
   <subfield code="t">NOLOAN</subfield>
   <subfield code="v">iss.Marine Power &amp; Propulsion:(Μήνας)October;(Έτος)2007</subfield>
   <subfield code="y">23</subfield>
  </datafield>
  <datafield tag="852" ind1=" " ind2=" ">
   <subfield code="a">INST</subfield>
   <subfield code="b">UNIPILB</subfield>
   <subfield code="c">SERIALS</subfield>
   <subfield code="e">20071203</subfield>
   <subfield code="h">Αλφαβητική σειρά</subfield>
   <subfield code="p">58759</subfield>
   <subfield code="q">58759</subfield>
   <subfield code="t">NOLOAN</subfield>
   <subfield code="v">vol.Offshore Marine Technology:(Μήνας)May;(Έτος)2007</subfield>
   <subfield code="y">23</subfield>
  </datafield>
  <datafield tag="852" ind1=" " ind2=" ">
   <subfield code="a">INST</subfield>
   <subfield code="b">UNIPILB</subfield>
   <subfield code="c">SERIALS</subfield>
   <subfield code="e">20080108</subfield>
   <subfield code="h">Αλφαβητική σειρά</subfield>
   <subfield code="p">59342</subfield>
   <subfield code="q">59342</subfield>
   <subfield code="t">NOLOAN</subfield>
   <subfield code="v">(Μήνας)November;(Έτος)2007:</subfield>
   <subfield code="y">23</subfield>
  </datafield>
  <datafield tag="852" ind1=" " ind2=" ">
   <subfield code="a">INST</subfield>
   <subfield code="b">UNIPILB</subfield>
   <subfield code="c">SERIALS</subfield>
   <subfield code="e">20080108</subfield>
   <subfield code="h">Αλφαβητική σειρά</subfield>
   <subfield code="p">59343</subfield>
   <subfield code="q">59343</subfield>
   <subfield code="t">NOLOAN</subfield>
   <subfield code="v">iss.Offshore Marine Tachnology:(Τρίμηνο)4th quarter;(Έτος)2007</subfield>
   <subfield code="y">23</subfield>
  </datafield>
  <datafield tag="852" ind1=" " ind2=" ">
   <subfield code="a">INST</subfield>
   <subfield code="b">UNIPILB</subfield>
   <subfield code="c">SERIALS</subfield>
   <subfield code="e">20091102</subfield>
   <subfield code="h">Αλφαβητική σειρά</subfield>
   <subfield code="p">65200</subfield>
   <subfield code="q">65200</subfield>
   <subfield code="t">NOLOAN</subfield>
   <subfield code="v">(Μήνας)February;(Έτος)2009:</subfield>
   <subfield code="y">23</subfield>
  </datafield>
  <datafield tag="852" ind1=" " ind2=" ">
   <subfield code="a">INST</subfield>
   <subfield code="b">UNIPILB</subfield>
   <subfield code="c">SERIALS</subfield>
   <subfield code="e">20091102</subfield>
   <subfield code="h">Αλφαβητική σειρά</subfield>
   <subfield code="p">65201</subfield>
   <subfield code="q">65201</subfield>
   <subfield code="t">NOLOAN</subfield>
   <subfield code="v">(Μήνας)January;(Έτος)2009:</subfield>
   <subfield code="y">23</subfield>
  </datafield>
  <datafield tag="852" ind1=" " ind2=" ">
   <subfield code="a">INST</subfield>
   <subfield code="b">UNIPILB</subfield>
   <subfield code="c">SERIALS</subfield>
   <subfield code="e">20100309</subfield>
   <subfield code="h">Αλφαβητική σειρά</subfield>
   <subfield code="p">67321</subfield>
   <subfield code="q">67321</subfield>
   <subfield code="t">NOLOAN</subfield>
   <subfield code="v">(Μήνας)April;(Έτος)2009:</subfield>
   <subfield code="y">23</subfield>
  </datafield>
  <datafield tag="852" ind1=" " ind2=" ">
   <subfield code="a">INST</subfield>
   <subfield code="b">UNIPILB</subfield>
   <subfield code="c">SERIALS</subfield>
   <subfield code="e">20100309</subfield>
   <subfield code="h">Αλφαβητική σειρά</subfield>
   <subfield code="p">67322</subfield>
   <subfield code="q">67322</subfield>
   <subfield code="t">NOLOAN</subfield>
   <subfield code="v">(Μήνας)May;(Έτος)2009:</subfield>
   <subfield code="y">23</subfield>
  </datafield>
  <datafield tag="852" ind1=" " ind2=" ">
   <subfield code="a">INST</subfield>
   <subfield code="b">UNIPILB</subfield>
   <subfield code="c">SERIALS</subfield>
   <subfield code="e">20100310</subfield>
   <subfield code="h">Αλφαβητική σειρά</subfield>
   <subfield code="p">67335</subfield>
   <subfield code="q">67335</subfield>
   <subfield code="t">NOLOAN</subfield>
   <subfield code="v">(Μήνας)March;(Έτος)2009:</subfield>
   <subfield code="y">23</subfield>
  </datafield>
  <datafield tag="852" ind1=" " ind2=" ">
   <subfield code="a">INST</subfield>
   <subfield code="b">UNIPILB</subfield>
   <subfield code="c">SERIALS</subfield>
   <subfield code="e">20100310</subfield>
   <subfield code="h">Αλφαβητική σειρά</subfield>
   <subfield code="p">67336</subfield>
   <subfield code="q">67336</subfield>
   <subfield code="t">NOLOAN</subfield>
   <subfield code="v">(Μήνας)June;(Έτος)2009:</subfield>
   <subfield code="y">23</subfield>
  </datafield>
  <datafield tag="852" ind1=" " ind2=" ">
   <subfield code="a">INST</subfield>
   <subfield code="b">UNIPILB</subfield>
   <subfield code="c">SERIALS</subfield>
   <subfield code="e">20100310</subfield>
   <subfield code="h">Αλφαβητική σειρά</subfield>
   <subfield code="p">67337</subfield>
   <subfield code="q">67337</subfield>
   <subfield code="t">NOLOAN</subfield>
   <subfield code="v">(Μήνες)Jul.-Aug.;(Έτος)2009:</subfield>
   <subfield code="y">23</subfield>
  </datafield>
  <datafield tag="852" ind1=" " ind2=" ">
   <subfield code="a">INST</subfield>
   <subfield code="b">UNIPILB</subfield>
   <subfield code="c">SERIALS</subfield>
   <subfield code="e">20100310</subfield>
   <subfield code="h">Αλφαβητική σειρά</subfield>
   <subfield code="p">67338</subfield>
   <subfield code="q">67338</subfield>
   <subfield code="t">NOLOAN</subfield>
   <subfield code="v">(Μήνας)September;(Έτος)2009:</subfield>
   <subfield code="y">23</subfield>
  </datafield>
  <datafield tag="852" ind1=" " ind2=" ">
   <subfield code="a">INST</subfield>
   <subfield code="b">UNIPILB</subfield>
   <subfield code="c">SERIALS</subfield>
   <subfield code="e">20100310</subfield>
   <subfield code="h">Αλφαβητική σειρά</subfield>
   <subfield code="p">67339</subfield>
   <subfield code="q">67339</subfield>
   <subfield code="t">NOLOAN</subfield>
   <subfield code="v">(Μήνας)October;(Έτος)2009:</subfield>
   <subfield code="y">23</subfield>
  </datafield>
  <datafield tag="852" ind1=" " ind2=" ">
   <subfield code="a">INST</subfield>
   <subfield code="b">UNIPILB</subfield>
   <subfield code="c">SERIALS</subfield>
   <subfield code="e">20100310</subfield>
   <subfield code="h">Αλφαβητική σειρά</subfield>
   <subfield code="p">67340</subfield>
   <subfield code="q">67340</subfield>
   <subfield code="t">NOLOAN</subfield>
   <subfield code="v">(Μήνας)November;(Έτος)2009:</subfield>
   <subfield code="y">23</subfield>
  </datafield>
  <datafield tag="852" ind1=" " ind2=" ">
   <subfield code="a">INST</subfield>
   <subfield code="b">UNIPILB</subfield>
   <subfield code="c">SERIALS</subfield>
   <subfield code="e">20100706</subfield>
   <subfield code="h">Αλφαβητική σειρά</subfield>
   <subfield code="p">69335</subfield>
   <subfield code="q">69335</subfield>
   <subfield code="t">NOLOAN</subfield>
   <subfield code="v">(Μήνας)January;(Έτος)2010:</subfield>
   <subfield code="y">23</subfield>
  </datafield>
  <datafield tag="852" ind1=" " ind2=" ">
   <subfield code="a">INST</subfield>
   <subfield code="b">UNIPILB</subfield>
   <subfield code="c">SERIALS</subfield>
   <subfield code="e">20100706</subfield>
   <subfield code="h">Αλφαβητική σειρά</subfield>
   <subfield code="p">69336</subfield>
   <subfield code="q">69336</subfield>
   <subfield code="t">NOLOAN</subfield>
   <subfield code="v">(Μήνας)February;(Έτος)2010:</subfield>
   <subfield code="y">23</subfield>
  </datafield>
  <datafield tag="852" ind1=" " ind2=" ">
   <subfield code="a">INST</subfield>
   <subfield code="b">UNIPILB</subfield>
   <subfield code="c">SERIALS</subfield>
   <subfield code="e">20100706</subfield>
   <subfield code="h">Αλφαβητική σειρά</subfield>
   <subfield code="p">69337</subfield>
   <subfield code="q">69337</subfield>
   <subfield code="t">NOLOAN</subfield>
   <subfield code="v">(Μήνας)March;(Έτος)2010:</subfield>
   <subfield code="y">23</subfield>
  </datafield>
  <datafield tag="852" ind1=" " ind2=" ">
   <subfield code="a">INST</subfield>
   <subfield code="b">UNIPILB</subfield>
   <subfield code="c">SERIALS</subfield>
   <subfield code="e">20100831</subfield>
   <subfield code="h">Αλφαβητική σειρά</subfield>
   <subfield code="p">69725</subfield>
   <subfield code="q">69725</subfield>
   <subfield code="t">NOLOAN</subfield>
   <subfield code="v">(Μήνας)April;(Έτος)2010:</subfield>
   <subfield code="y">23</subfield>
  </datafield>
  <datafield tag="852" ind1=" " ind2=" ">
   <subfield code="a">INST</subfield>
   <subfield code="b">UNIPILB</subfield>
   <subfield code="c">SERIALS</subfield>
   <subfield code="e">20100831</subfield>
   <subfield code="h">Αλφαβητική σειρά</subfield>
   <subfield code="p">69726</subfield>
   <subfield code="q">69726</subfield>
   <subfield code="t">NOLOAN</subfield>
   <subfield code="v">(Μήνας)May;(Έτος)2010:</subfield>
   <subfield code="y">23</subfield>
  </datafield>
  <datafield tag="852" ind1=" " ind2=" ">
   <subfield code="a">INST</subfield>
   <subfield code="b">UNIPILB</subfield>
   <subfield code="c">SERIALS</subfield>
   <subfield code="e">20100831</subfield>
   <subfield code="h">Αλφαβητική σειρά</subfield>
   <subfield code="p">69727</subfield>
   <subfield code="q">69727</subfield>
   <subfield code="t">NOLOAN</subfield>
   <subfield code="v">(Μήνας)June;(Έτος)2010:</subfield>
   <subfield code="y">23</subfield>
  </datafield>
  <datafield tag="852" ind1=" " ind2=" ">
   <subfield code="a">INST</subfield>
   <subfield code="b">UNIPILB</subfield>
   <subfield code="c">SERIALS</subfield>
   <subfield code="e">20101019</subfield>
   <subfield code="h">Αλφαβητική σειρά</subfield>
   <subfield code="p">70266</subfield>
   <subfield code="q">70266</subfield>
   <subfield code="t">NOLOAN</subfield>
   <subfield code="v">(Μήνας)September;(Έτος)2010:</subfield>
   <subfield code="y">23</subfield>
  </datafield>
  <datafield tag="852" ind1=" " ind2=" ">
   <subfield code="a">INST</subfield>
   <subfield code="b">UNIPILB</subfield>
   <subfield code="c">SERIALS</subfield>
   <subfield code="e">20101022</subfield>
   <subfield code="h">Αλφαβητική σειρά</subfield>
   <subfield code="p">70382</subfield>
   <subfield code="q">70382</subfield>
   <subfield code="t">NOLOAN</subfield>
   <subfield code="v">(Μήνες)Jul.-Aug.;(Έτος)2010:</subfield>
   <subfield code="y">23</subfield>
  </datafield>
  <datafield tag="852" ind1=" " ind2=" ">
   <subfield code="a">INST</subfield>
   <subfield code="b">UNIPILB</subfield>
   <subfield code="c">SERIALS</subfield>
   <subfield code="e">20101112</subfield>
   <subfield code="h">Αλφαβητική σειρά</subfield>
   <subfield code="p">70551</subfield>
   <subfield code="q">70551</subfield>
   <subfield code="t">NOLOAN</subfield>
   <subfield code="v">(Μήνας)October;(Έτος)2010:</subfield>
   <subfield code="y">23</subfield>
  </datafield>
  <datafield tag="852" ind1=" " ind2=" ">
   <subfield code="a">INST</subfield>
   <subfield code="b">UNIPILB</subfield>
   <subfield code="c">SERIALS</subfield>
   <subfield code="e">20110124</subfield>
   <subfield code="h">Αλφαβητική σειρά</subfield>
   <subfield code="p">70889</subfield>
   <subfield code="q">70889</subfield>
   <subfield code="t">NOLOAN</subfield>
   <subfield code="v">(Μήνας)November;(Έτος)2010:</subfield>
   <subfield code="y">23</subfield>
  </datafield>
  <datafield tag="852" ind1=" " ind2=" ">
   <subfield code="a">INST</subfield>
   <subfield code="b">UNIPILB</subfield>
   <subfield code="c">SERIALS</subfield>
   <subfield code="e">20110722</subfield>
   <subfield code="h">Αλφαβητική σειρά</subfield>
   <subfield code="p">72392</subfield>
   <subfield code="q">72392</subfield>
   <subfield code="t">NOLOAN</subfield>
   <subfield code="v">(Μήνας)January;(Έτος)2011:</subfield>
   <subfield code="y">23</subfield>
  </datafield>
  <datafield tag="852" ind1=" " ind2=" ">
   <subfield code="a">INST</subfield>
   <subfield code="b">UNIPILB</subfield>
   <subfield code="c">SERIALS</subfield>
   <subfield code="e">20110722</subfield>
   <subfield code="h">Αλφαβητική σειρά</subfield>
   <subfield code="p">72393</subfield>
   <subfield code="q">72393</subfield>
   <subfield code="t">NOLOAN</subfield>
   <subfield code="v">(Μήνας)February;(Έτος)2011:</subfield>
   <subfield code="y">23</subfield>
  </datafield>
  <datafield tag="852" ind1=" " ind2=" ">
   <subfield code="a">INST</subfield>
   <subfield code="b">UNIPILB</subfield>
   <subfield code="c">SERIALS</subfield>
   <subfield code="e">20110722</subfield>
   <subfield code="h">Αλφαβητική σειρά</subfield>
   <subfield code="p">72394</subfield>
   <subfield code="q">72394</subfield>
   <subfield code="t">NOLOAN</subfield>
   <subfield code="v">(Μήνας)March;(Έτος)2011:</subfield>
   <subfield code="y">23</subfield>
  </datafield>
  <datafield tag="852" ind1=" " ind2=" ">
   <subfield code="a">INST</subfield>
   <subfield code="b">UNIPILB</subfield>
   <subfield code="c">SERIALS</subfield>
   <subfield code="e">20110722</subfield>
   <subfield code="h">Αλφαβητική σειρά</subfield>
   <subfield code="p">72395</subfield>
   <subfield code="q">72395</subfield>
   <subfield code="t">NOLOAN</subfield>
   <subfield code="v">(Μήνας)April;(Έτος)2011:</subfield>
   <subfield code="y">23</subfield>
  </datafield>
  <datafield tag="852" ind1=" " ind2=" ">
   <subfield code="a">INST</subfield>
   <subfield code="b">UNIPILB</subfield>
   <subfield code="c">SERIALS</subfield>
   <subfield code="e">20110722</subfield>
   <subfield code="h">Αλφαβητική σειρά</subfield>
   <subfield code="p">72396</subfield>
   <subfield code="q">72396</subfield>
   <subfield code="t">NOLOAN</subfield>
   <subfield code="v">(Μήνας)May;(Έτος)2011:</subfield>
   <subfield code="y">23</subfield>
  </datafield>
  <datafield tag="852" ind1=" " ind2=" ">
   <subfield code="a">INST</subfield>
   <subfield code="b">UNIPILB</subfield>
   <subfield code="c">SERIALS</subfield>
   <subfield code="e">20110722</subfield>
   <subfield code="h">Αλφαβητική σειρά</subfield>
   <subfield code="p">72397</subfield>
   <subfield code="q">72397</subfield>
   <subfield code="t">NOLOAN</subfield>
   <subfield code="v">(Μήνας)June;(Έτος)2011:</subfield>
   <subfield code="y">23</subfield>
  </datafield>
  <datafield tag="852" ind1=" " ind2=" ">
   <subfield code="a">INST</subfield>
   <subfield code="b">UNIPILB</subfield>
   <subfield code="c">SERIALS</subfield>
   <subfield code="e">20110830</subfield>
   <subfield code="h">Αλφαβητική σειρά</subfield>
   <subfield code="p">72594</subfield>
   <subfield code="q">72594</subfield>
   <subfield code="t">NOLOAN</subfield>
   <subfield code="v">(Μήνες)Jul.-Aug.;(Έτος)2011:</subfield>
   <subfield code="y">23</subfield>
  </datafield>
  <datafield tag="852" ind1=" " ind2=" ">
   <subfield code="a">INST</subfield>
   <subfield code="b">UNIPILB</subfield>
   <subfield code="c">SERIALS</subfield>
   <subfield code="e">20111027</subfield>
   <subfield code="h">Αλφαβητική σειρά</subfield>
   <subfield code="p">73118</subfield>
   <subfield code="q">73118</subfield>
   <subfield code="t">NOLOAN</subfield>
   <subfield code="v">(Μήνας)September;(Έτος)2011:</subfield>
   <subfield code="y">23</subfield>
  </datafield>
  <datafield tag="852" ind1=" " ind2=" ">
   <subfield code="a">INST</subfield>
   <subfield code="b">UNIPILB</subfield>
   <subfield code="c">SERIALS</subfield>
   <subfield code="e">20111124</subfield>
   <subfield code="h">Αλφαβητική σειρά</subfield>
   <subfield code="p">73528</subfield>
   <subfield code="q">73528</subfield>
   <subfield code="t">NOLOAN</subfield>
   <subfield code="v">(Μήνας)October;(Έτος)2011:</subfield>
   <subfield code="y">23</subfield>
  </datafield>
  <datafield tag="852" ind1=" " ind2=" ">
   <subfield code="a">INST</subfield>
   <subfield code="b">UNIPILB</subfield>
   <subfield code="c">SERIALS</subfield>
   <subfield code="e">20120120</subfield>
   <subfield code="h">Αλφαβητική σειρά</subfield>
   <subfield code="p">74187</subfield>
   <subfield code="q">74187</subfield>
   <subfield code="t">NOLOAN</subfield>
   <subfield code="v">(Μήνας)November;(Έτος)2011:</subfield>
   <subfield code="y">23</subfield>
  </datafield>
  <datafield tag="852" ind1=" " ind2=" ">
   <subfield code="a">INST</subfield>
   <subfield code="b">UNIPILB</subfield>
   <subfield code="c">SERIALS</subfield>
   <subfield code="e">20120410</subfield>
   <subfield code="h">Αλφαβητική σειρά</subfield>
   <subfield code="p">75187</subfield>
   <subfield code="q">75187</subfield>
   <subfield code="t">NOLOAN</subfield>
   <subfield code="v">(Μήνας)January;(Έτος)2012:</subfield>
   <subfield code="y">23</subfield>
  </datafield>
  <datafield tag="852" ind1=" " ind2=" ">
   <subfield code="a">INST</subfield>
   <subfield code="b">UNIPILB</subfield>
   <subfield code="c">SERIALS</subfield>
   <subfield code="e">20120410</subfield>
   <subfield code="h">Αλφαβητική σειρά</subfield>
   <subfield code="p">75188</subfield>
   <subfield code="q">75188</subfield>
   <subfield code="t">NOLOAN</subfield>
   <subfield code="v">(Μήνας)February;(Έτος)2012:</subfield>
   <subfield code="y">23</subfield>
  </datafield>
  <datafield tag="852" ind1=" " ind2=" ">
   <subfield code="a">INST</subfield>
   <subfield code="b">UNIPILB</subfield>
   <subfield code="c">SERIALS</subfield>
   <subfield code="e">20120518</subfield>
   <subfield code="h">Αλφαβητική σειρά</subfield>
   <subfield code="p">75516</subfield>
   <subfield code="q">75516</subfield>
   <subfield code="t">NOLOAN</subfield>
   <subfield code="v">(Μήνας)March;(Έτος)2012:</subfield>
   <subfield code="y">23</subfield>
  </datafield>
  <datafield tag="852" ind1=" " ind2=" ">
   <subfield code="a">INST</subfield>
   <subfield code="b">UNIPILB</subfield>
   <subfield code="c">SERIALS</subfield>
   <subfield code="e">20120702</subfield>
   <subfield code="h">Αλφαβητική σειρά</subfield>
   <subfield code="p">75943</subfield>
   <subfield code="q">75943</subfield>
   <subfield code="t">NOLOAN</subfield>
   <subfield code="v">(Μήνας)May;(Έτος)2012:</subfield>
   <subfield code="y">23</subfield>
  </datafield>
  <datafield tag="852" ind1=" " ind2=" ">
   <subfield code="a">INST</subfield>
   <subfield code="b">UNIPILB</subfield>
   <subfield code="c">SERIALS</subfield>
   <subfield code="e">20120702</subfield>
   <subfield code="h">Αλφαβητική σειρά</subfield>
   <subfield code="p">75944</subfield>
   <subfield code="q">75944</subfield>
   <subfield code="t">NOLOAN</subfield>
   <subfield code="v">iss.Offshore Marine Technology:(Τρίμηνο)2nd quarter;(Έτος)2012</subfield>
   <subfield code="y">23</subfield>
  </datafield>
  <datafield tag="852" ind1=" " ind2=" ">
   <subfield code="a">INST</subfield>
   <subfield code="b">UNIPILB</subfield>
   <subfield code="c">SERIALS</subfield>
   <subfield code="e">20120730</subfield>
   <subfield code="h">Αλφαβητική σειρά</subfield>
   <subfield code="p">76264</subfield>
   <subfield code="q">76264</subfield>
   <subfield code="t">NOLOAN</subfield>
   <subfield code="v">(Μήνας)June;(Έτος)2012:</subfield>
   <subfield code="y">23</subfield>
  </datafield>
  <datafield tag="852" ind1=" " ind2=" ">
   <subfield code="a">INST</subfield>
   <subfield code="b">UNIPILB</subfield>
   <subfield code="c">SERIALS</subfield>
   <subfield code="e">20120828</subfield>
   <subfield code="h">Αλφαβητική σειρά</subfield>
   <subfield code="p">76299</subfield>
   <subfield code="q">76299</subfield>
   <subfield code="t">NOLOAN</subfield>
   <subfield code="v">(Μήνες)Jul.-Aug.;(Έτος)2012:</subfield>
   <subfield code="y">23</subfield>
  </datafield>
  <datafield tag="852" ind1=" " ind2=" ">
   <subfield code="a">INST</subfield>
   <subfield code="b">UNIPILB</subfield>
   <subfield code="c">SERIALS</subfield>
   <subfield code="e">20121008</subfield>
   <subfield code="h">Αλφαβητική σειρά</subfield>
   <subfield code="p">76726</subfield>
   <subfield code="q">76726</subfield>
   <subfield code="t">NOLOAN</subfield>
   <subfield code="v">(Μήνας)April;(Έτος)2012:</subfield>
   <subfield code="y">23</subfield>
  </datafield>
  <datafield tag="852" ind1=" " ind2=" ">
   <subfield code="a">INST</subfield>
   <subfield code="b">UNIPILB</subfield>
   <subfield code="c">SERIALS</subfield>
   <subfield code="e">20121022</subfield>
   <subfield code="h">Αλφαβητική σειρά</subfield>
   <subfield code="p">76942</subfield>
   <subfield code="q">76942</subfield>
   <subfield code="t">NOLOAN</subfield>
   <subfield code="v">(Μήνας)September;(Έτος)2012:</subfield>
   <subfield code="y">23</subfield>
  </datafield>
  <datafield tag="852" ind1=" " ind2=" ">
   <subfield code="a">INST</subfield>
   <subfield code="b">UNIPILB</subfield>
   <subfield code="c">SERIALS</subfield>
   <subfield code="e">20121119</subfield>
   <subfield code="h">Αλφαβητική σειρά</subfield>
   <subfield code="p">77131</subfield>
   <subfield code="q">77131</subfield>
   <subfield code="t">NOLOAN</subfield>
   <subfield code="v">(Μήνας)October;(Έτος)2012:</subfield>
   <subfield code="y">23</subfield>
  </datafield>
  <datafield tag="852" ind1=" " ind2=" ">
   <subfield code="a">INST</subfield>
   <subfield code="b">UNIPILB</subfield>
   <subfield code="c">SERIALS</subfield>
   <subfield code="e">20121203</subfield>
   <subfield code="h">Αλφαβητική σειρά</subfield>
   <subfield code="p">77256</subfield>
   <subfield code="q">77256</subfield>
   <subfield code="t">NOLOAN</subfield>
   <subfield code="v">(Μήνας)November;(Έτος)2012:</subfield>
   <subfield code="y">23</subfield>
  </datafield>
  <datafield tag="852" ind1=" " ind2=" ">
   <subfield code="a">INST</subfield>
   <subfield code="b">UNIPILB</subfield>
   <subfield code="c">SERIALS</subfield>
   <subfield code="e">20130314</subfield>
   <subfield code="h">Αλφαβητική σειρά</subfield>
   <subfield code="p">78414</subfield>
   <subfield code="q">78414</subfield>
   <subfield code="t">NOLOAN</subfield>
   <subfield code="v">iss.Offshore Marine Technology:(Τρίμηνο)4th quarter;(Έτος)2011</subfield>
   <subfield code="y">23</subfield>
  </datafield>
  <datafield tag="852" ind1=" " ind2=" ">
   <subfield code="a">INST</subfield>
   <subfield code="b">UNIPILB</subfield>
   <subfield code="c">SERIALS</subfield>
   <subfield code="e">20131203</subfield>
   <subfield code="h">Αλφαβητική σειρά</subfield>
   <subfield code="p">81568</subfield>
   <subfield code="q">81568</subfield>
   <subfield code="t">NOLOAN</subfield>
   <subfield code="v">(Μήνας)January;(Έτος)2013:</subfield>
   <subfield code="y">23</subfield>
  </datafield>
  <datafield tag="852" ind1=" " ind2=" ">
   <subfield code="a">INST</subfield>
   <subfield code="b">UNIPILB</subfield>
   <subfield code="c">SERIALS</subfield>
   <subfield code="e">20131203</subfield>
   <subfield code="h">Αλφαβητική σειρά</subfield>
   <subfield code="p">81569</subfield>
   <subfield code="q">81569</subfield>
   <subfield code="t">NOLOAN</subfield>
   <subfield code="v">(Μήνας)February;(Έτος)2013:</subfield>
   <subfield code="y">23</subfield>
  </datafield>
  <datafield tag="852" ind1=" " ind2=" ">
   <subfield code="a">INST</subfield>
   <subfield code="b">UNIPILB</subfield>
   <subfield code="c">SERIALS</subfield>
   <subfield code="e">20131203</subfield>
   <subfield code="h">Αλφαβητική σειρά</subfield>
   <subfield code="p">81570</subfield>
   <subfield code="q">81570</subfield>
   <subfield code="t">NOLOAN</subfield>
   <subfield code="v">(Μήνας)March;(Έτος)2013:</subfield>
   <subfield code="y">23</subfield>
  </datafield>
  <datafield tag="852" ind1=" " ind2=" ">
   <subfield code="a">INST</subfield>
   <subfield code="b">UNIPILB</subfield>
   <subfield code="c">SERIALS</subfield>
   <subfield code="e">20131203</subfield>
   <subfield code="h">Αλφαβητική σειρά</subfield>
   <subfield code="p">81571</subfield>
   <subfield code="q">81571</subfield>
   <subfield code="t">NOLOAN</subfield>
   <subfield code="v">(Μήνας)April;(Έτος)2013:</subfield>
   <subfield code="y">23</subfield>
  </datafield>
  <datafield tag="852" ind1=" " ind2=" ">
   <subfield code="a">INST</subfield>
   <subfield code="b">UNIPILB</subfield>
   <subfield code="c">SERIALS</subfield>
   <subfield code="e">20131203</subfield>
   <subfield code="h">Αλφαβητική σειρά</subfield>
   <subfield code="p">81572</subfield>
   <subfield code="q">81572</subfield>
   <subfield code="t">NOLOAN</subfield>
   <subfield code="v">(Μήνας)May;(Έτος)2013:</subfield>
   <subfield code="y">23</subfield>
  </datafield>
  <datafield tag="852" ind1=" " ind2=" ">
   <subfield code="a">INST</subfield>
   <subfield code="b">UNIPILB</subfield>
   <subfield code="c">SERIALS</subfield>
   <subfield code="e">20131203</subfield>
   <subfield code="h">Αλφαβητική σειρά</subfield>
   <subfield code="p">81573</subfield>
   <subfield code="q">81573</subfield>
   <subfield code="t">NOLOAN</subfield>
   <subfield code="v">(Μήνας)June;(Έτος)2013:</subfield>
   <subfield code="y">23</subfield>
  </datafield>
  <datafield tag="852" ind1=" " ind2=" ">
   <subfield code="a">INST</subfield>
   <subfield code="b">UNIPILB</subfield>
   <subfield code="c">SERIALS</subfield>
   <subfield code="e">20131203</subfield>
   <subfield code="h">Αλφαβητική σειρά</subfield>
   <subfield code="p">81574</subfield>
   <subfield code="q">81574</subfield>
   <subfield code="t">NOLOAN</subfield>
   <subfield code="v">(Μήνες)Jul.-Aug.;(Έτος)2013:</subfield>
   <subfield code="y">23</subfield>
  </datafield>
  <datafield tag="852" ind1=" " ind2=" ">
   <subfield code="a">INST</subfield>
   <subfield code="b">UNIPILB</subfield>
   <subfield code="c">SERIALS</subfield>
   <subfield code="e">20131203</subfield>
   <subfield code="h">Αλφαβητική σειρά</subfield>
   <subfield code="p">81575</subfield>
   <subfield code="q">81575</subfield>
   <subfield code="t">NOLOAN</subfield>
   <subfield code="v">(Μήνας)September;(Έτος)2013:</subfield>
   <subfield code="y">23</subfield>
  </datafield>
  <datafield tag="852" ind1=" " ind2=" ">
   <subfield code="a">INST</subfield>
   <subfield code="b">UNIPILB</subfield>
   <subfield code="c">SERIALS</subfield>
   <subfield code="e">20131203</subfield>
   <subfield code="h">Αλφαβητική σειρά</subfield>
   <subfield code="p">81576</subfield>
   <subfield code="q">81576</subfield>
   <subfield code="t">NOLOAN</subfield>
   <subfield code="v">(Μήνας)October;(Έτος)2013:</subfield>
   <subfield code="y">23</subfield>
  </datafield>
  <datafield tag="852" ind1=" " ind2=" ">
   <subfield code="a">INST</subfield>
   <subfield code="b">UNIPILB</subfield>
   <subfield code="c">SERIALS</subfield>
   <subfield code="e">20131203</subfield>
   <subfield code="h">Αλφαβητική σειρά</subfield>
   <subfield code="p">81577</subfield>
   <subfield code="q">81577</subfield>
   <subfield code="t">NOLOAN</subfield>
   <subfield code="v">(Μήνας)November;(Έτος)2013:</subfield>
   <subfield code="y">23</subfield>
  </datafield>
  <datafield tag="856" ind1="4" ind2="1">
   <subfield code="u">http://www.rina.org.uk/tna</subfield>
  </datafield>
  <datafield tag="856" ind1="4" ind2="1">
   <subfield code="u">http://www.rina.org.uk/omt</subfield>
  </datafield>
  <datafield tag="900" ind1=" " ind2=" ">
   <subfield code="a">(December 2013)</subfield>
   <subfield code="b">Οφειλόμενο</subfield>
   <subfield code="c">13/06/2017</subfield>
  </datafield>
  <datafield tag="900" ind1=" " ind2=" ">
   <subfield code="a">(December 2007)</subfield>
   <subfield code="b">Οφειλόμενο</subfield>
   <subfield code="c">26/08/2008</subfield>
  </datafield>
  <datafield tag="900" ind1=" " ind2=" ">
   <subfield code="a">(January 2008)</subfield>
   <subfield code="b">Οφειλόμενο</subfield>
   <subfield code="c">31/08/2008</subfield>
  </datafield>
  <datafield tag="900" ind1=" " ind2=" ">
   <subfield code="a">(February 2008)</subfield>
   <subfield code="b">Οφειλόμενο</subfield>
   <subfield code="c">01/10/2008</subfield>
  </datafield>
  <datafield tag="900" ind1=" " ind2=" ">
   <subfield code="a">(March 2008)</subfield>
   <subfield code="b">Οφειλόμενο</subfield>
   <subfield code="c">30/10/2008</subfield>
  </datafield>
  <datafield tag="900" ind1=" " ind2=" ">
   <subfield code="a">(April 2008)</subfield>
   <subfield code="b">Οφειλόμενο</subfield>
   <subfield code="c">24/11/2008</subfield>
  </datafield>
  <datafield tag="900" ind1=" " ind2=" ">
   <subfield code="a">(May 2008)</subfield>
   <subfield code="b">Οφειλόμενο</subfield>
   <subfield code="c">01/11/2009</subfield>
  </datafield>
  <datafield tag="900" ind1=" " ind2=" ">
   <subfield code="a">(June 2008)</subfield>
   <subfield code="b">Οφειλόμενο</subfield>
   <subfield code="c">01/11/2009</subfield>
  </datafield>
  <datafield tag="900" ind1=" " ind2=" ">
   <subfield code="a">(Jul.-Aug. 2008)</subfield>
   <subfield code="b">Οφειλόμενο</subfield>
   <subfield code="c">01/11/2009</subfield>
  </datafield>
  <datafield tag="900" ind1=" " ind2=" ">
   <subfield code="a">(September 2008)</subfield>
   <subfield code="b">Οφειλόμενο</subfield>
   <subfield code="c">01/11/2009</subfield>
  </datafield>
  <datafield tag="900" ind1=" " ind2=" ">
   <subfield code="a">(October 2008)</subfield>
   <subfield code="b">Οφειλόμενο</subfield>
   <subfield code="c">01/11/2009</subfield>
  </datafield>
  <datafield tag="900" ind1=" " ind2=" ">
   <subfield code="a">(November 2008)</subfield>
   <subfield code="b">Οφειλόμενο</subfield>
   <subfield code="c">01/11/2009</subfield>
  </datafield>
  <datafield tag="900" ind1=" " ind2=" ">
   <subfield code="a">(December 2008)</subfield>
   <subfield code="b">Οφειλόμενο</subfield>
   <subfield code="c">01/11/2009</subfield>
  </datafield>
  <datafield tag="900" ind1=" " ind2=" ">
   <subfield code="a">(December 2009)</subfield>
   <subfield code="b">Οφειλόμενο</subfield>
   <subfield code="c">27/08/2010</subfield>
  </datafield>
  <datafield tag="900" ind1=" " ind2=" ">
   <subfield code="a">(December 2010)</subfield>
   <subfield code="b">Οφειλόμενο</subfield>
   <subfield code="c">07/07/2011</subfield>
  </datafield>
  <datafield tag="900" ind1=" " ind2=" ">
   <subfield code="a">(December 2011)</subfield>
   <subfield code="b">Οφειλόμενο</subfield>
   <subfield code="c">07/06/2012</subfield>
  </datafield>
  <datafield tag="900" ind1=" " ind2=" ">
   <subfield code="a">(December 2012)</subfield>
   <subfield code="b">Οφειλόμενο</subfield>
   <subfield code="c">15/05/2013</subfield>
  </datafield>
  <datafield tag="950" ind1=" " ind2=" ">
   <subfield code="a">01/01/2003</subfield>
   <subfield code="c">ANACO Κ. ΑΝΑΓΝΩΣΤΟΥ Ε.Π.Ε., ΜΗΧΑΝΗΜΑΤΑ ΚΑΙ ΣΥΣΤΗΜΑΤΑ ΟΡΓΑΝΩΣΗΣ ΓΡΑΦΕΙΟΥ</subfield>
   <subfield code="d">160</subfield>
  </datafield>
  <datafield tag="951" ind1=" " ind2=" ">
   <subfield code="a">Offshore Marine Technology  (2nd Quarter 2012)</subfield>
   <subfield code="b">Supplements</subfield>
  </datafield>
  <datafield tag="951" ind1=" " ind2=" ">
   <subfield code="a">Offshore Marine Technology  (July-August 2004)</subfield>
   <subfield code="b">Advance Sheets</subfield>
  </datafield>
  <datafield tag="951" ind1=" " ind2=" ">
   <subfield code="a">Offshore Marine Technology  (3rd quarter 2006)</subfield>
   <subfield code="b">Advance Sheets</subfield>
  </datafield>
  <datafield tag="951" ind1=" " ind2=" ">
   <subfield code="a">Offshore Marine Technology  (4th quarter 2006)</subfield>
   <subfield code="b">Advance Sheets</subfield>
  </datafield>
  <datafield tag="951" ind1=" " ind2=" ">
   <subfield code="a">Offshore Marine Technology  (1st quarter 2007)</subfield>
   <subfield code="b">Advance Sheets</subfield>
  </datafield>
  <datafield tag="951" ind1=" " ind2=" ">
   <subfield code="a">Offshore Marine Technology (May 2007)</subfield>
   <subfield code="b">Advance Sheets</subfield>
  </datafield>
  <datafield tag="951" ind1=" " ind2=" ">
   <subfield code="a">Offshore Marine Technology  (3rd quarter 2007)</subfield>
   <subfield code="b">Advance Sheets</subfield>
  </datafield>
  <datafield tag="951" ind1=" " ind2=" ">
   <subfield code="a">Offshore Marine Technology  (Special supplement : merwede shipyard)</subfield>
   <subfield code="b">Advance Sheets</subfield>
  </datafield>
  <datafield tag="951" ind1=" " ind2=" ">
   <subfield code="a">Offshore Marine Tachnology  (4th quarter 2007)</subfield>
   <subfield code="b">Advance Sheets</subfield>
  </datafield>
  <datafield tag="951" ind1=" " ind2=" ">
   <subfield code="a">Offshore Marine Technology  (4th Quarter 2011)</subfield>
   <subfield code="b">Advance Sheets</subfield>
  </datafield>
  <datafield tag="951" ind1=" " ind2=" ">
   <subfield code="a">(January 2003) - (June 2003)</subfield>
   <subfield code="b">Main run</subfield>
  </datafield>
  <datafield tag="951" ind1=" " ind2=" ">
   <subfield code="a">(Jul.-Aug. 2003)</subfield>
   <subfield code="b">Main run</subfield>
  </datafield>
  <datafield tag="951" ind1=" " ind2=" ">
   <subfield code="a">(September 2003) - (November 2003)</subfield>
   <subfield code="b">Main run</subfield>
  </datafield>
  <datafield tag="951" ind1=" " ind2=" ">
   <subfield code="a">(January 2004) - (June 2004)</subfield>
   <subfield code="b">Main run</subfield>
  </datafield>
  <datafield tag="951" ind1=" " ind2=" ">
   <subfield code="a">(Jul.-Aug. 2004)</subfield>
   <subfield code="b">Main run</subfield>
  </datafield>
  <datafield tag="951" ind1=" " ind2=" ">
   <subfield code="a">(September 2004) - (November 2004)</subfield>
   <subfield code="b">Main run</subfield>
  </datafield>
  <datafield tag="951" ind1=" " ind2=" ">
   <subfield code="a">(January 2005) - (June 2005)</subfield>
   <subfield code="b">Main run</subfield>
  </datafield>
  <datafield tag="951" ind1=" " ind2=" ">
   <subfield code="a">(Jul.-Aug. 2005)</subfield>
   <subfield code="b">Main run</subfield>
  </datafield>
  <datafield tag="951" ind1=" " ind2=" ">
   <subfield code="a">(September 2005) - (November 2005)</subfield>
   <subfield code="b">Main run</subfield>
  </datafield>
  <datafield tag="951" ind1=" " ind2=" ">
   <subfield code="a">(January 2006) - (June 2006)</subfield>
   <subfield code="b">Main run</subfield>
  </datafield>
  <datafield tag="951" ind1=" " ind2=" ">
   <subfield code="a">(Jul.-Aug. 2006)</subfield>
   <subfield code="b">Main run</subfield>
  </datafield>
  <datafield tag="951" ind1=" " ind2=" ">
   <subfield code="a">(September 2006) - (June 2007)</subfield>
   <subfield code="b">Main run</subfield>
  </datafield>
  <datafield tag="951" ind1=" " ind2=" ">
   <subfield code="a">(Jul.-Aug. 2007)</subfield>
   <subfield code="b">Main run</subfield>
  </datafield>
  <datafield tag="951" ind1=" " ind2=" ">
   <subfield code="a">(September 2007) - (November 2007)</subfield>
   <subfield code="b">Main run</subfield>
  </datafield>
  <datafield tag="951" ind1=" " ind2=" ">
   <subfield code="a">(January 2009) - (June 2009)</subfield>
   <subfield code="b">Main run</subfield>
  </datafield>
  <datafield tag="951" ind1=" " ind2=" ">
   <subfield code="a">(Jul.-Aug. 2009)</subfield>
   <subfield code="b">Main run</subfield>
  </datafield>
  <datafield tag="951" ind1=" " ind2=" ">
   <subfield code="a">(September 2009) - (November 2009)</subfield>
   <subfield code="b">Main run</subfield>
  </datafield>
  <datafield tag="951" ind1=" " ind2=" ">
   <subfield code="a">(January 2010) - (June 2010)</subfield>
   <subfield code="b">Main run</subfield>
  </datafield>
  <datafield tag="951" ind1=" " ind2=" ">
   <subfield code="a">(Jul.-Aug. 2010)</subfield>
   <subfield code="b">Main run</subfield>
  </datafield>
  <datafield tag="951" ind1=" " ind2=" ">
   <subfield code="a">(September 2010) - (November 2010)</subfield>
   <subfield code="b">Main run</subfield>
  </datafield>
  <datafield tag="951" ind1=" " ind2=" ">
   <subfield code="a">(January 2011) - (June 2011)</subfield>
   <subfield code="b">Main run</subfield>
  </datafield>
  <datafield tag="951" ind1=" " ind2=" ">
   <subfield code="a">(Jul.-Aug. 2011)</subfield>
   <subfield code="b">Main run</subfield>
  </datafield>
  <datafield tag="951" ind1=" " ind2=" ">
   <subfield code="a">(September 2011) - (November 2011)</subfield>
   <subfield code="b">Main run</subfield>
  </datafield>
  <datafield tag="951" ind1=" " ind2=" ">
   <subfield code="a">(January 2012) - (June 2012)</subfield>
   <subfield code="b">Main run</subfield>
  </datafield>
  <datafield tag="951" ind1=" " ind2=" ">
   <subfield code="a">(Jul.-Aug. 2012)</subfield>
   <subfield code="b">Main run</subfield>
  </datafield>
  <datafield tag="951" ind1=" " ind2=" ">
   <subfield code="a">(September 2012) - (November 2012)</subfield>
   <subfield code="b">Main run</subfield>
  </datafield>
  <datafield tag="951" ind1=" " ind2=" ">
   <subfield code="a">(January 2013) - (June 2013)</subfield>
   <subfield code="b">Main run</subfield>
  </datafield>
  <datafield tag="951" ind1=" " ind2=" ">
   <subfield code="a">(Jul.-Aug. 2013)</subfield>
   <subfield code="b">Main run</subfield>
  </datafield>
  <datafield tag="951" ind1=" " ind2=" ">
   <subfield code="a">(September 2013) - (November 2013)</subfield>
   <subfield code="b">Main run</subfield>
  </datafield>
  <datafield tag="951" ind1=" " ind2=" ">
   <subfield code="a">Genesis of a Queen : Queen Mary 2  (June 2004)</subfield>
   <subfield code="b">Supplements</subfield>
  </datafield>
  <datafield tag="951" ind1=" " ind2=" ">
   <subfield code="a">Gas Carriers  (September 2004)</subfield>
   <subfield code="b">Supplements</subfield>
  </datafield>
  <datafield tag="951" ind1=" " ind2=" ">
   <subfield code="a">TTS Review  (September 2004)</subfield>
   <subfield code="b">Supplements</subfield>
  </datafield>
  <datafield tag="951" ind1=" " ind2=" ">
   <subfield code="a">RODRIQUEZ : A story of high speed success  (November 2004)</subfield>
   <subfield code="b">Supplements</subfield>
  </datafield>
  <datafield tag="951" ind1=" " ind2=" ">
   <subfield code="a">Genesis of a Queen : Cunard Line's Queen Mary 2  (January 2005)</subfield>
   <subfield code="b">Supplements</subfield>
  </datafield>
  <datafield tag="951" ind1=" " ind2=" ">
   <subfield code="a">CLT : A Proven propeller for efficient ships  (July/August 2005)</subfield>
   <subfield code="b">Supplements</subfield>
  </datafield>
  <datafield tag="951" ind1=" " ind2=" ">
   <subfield code="a">Marine Power &amp; Propulsion solutions for naval architects  (November 2005)</subfield>
   <subfield code="b">Supplements</subfield>
  </datafield>
  <datafield tag="951" ind1=" " ind2=" ">
   <subfield code="a">Gas Ships. Trends &amp; Technology  (October 2006)</subfield>
   <subfield code="b">Supplements</subfield>
  </datafield>
  <datafield tag="951" ind1=" " ind2=" ">
   <subfield code="a">Report : Report is a newsletter of MARIN  (february 2007 no. 90)</subfield>
   <subfield code="b">Supplements</subfield>
  </datafield>
  <datafield tag="951" ind1=" " ind2=" ">
   <subfield code="a">Ice Class Ships  (June 2007)</subfield>
   <subfield code="b">Supplements</subfield>
  </datafield>
  <datafield tag="951" ind1=" " ind2=" ">
   <subfield code="a">Harland &amp; Wolff succeeding through technical diversification  (July/august 2007)</subfield>
   <subfield code="b">Supplements</subfield>
  </datafield>
  <datafield tag="951" ind1=" " ind2=" ">
   <subfield code="a">Marine Power &amp; Propulsion  (October 2007)</subfield>
   <subfield code="b">Supplements</subfield>
  </datafield>
  <datafield tag="951" ind1=" " ind2=" ">
   <subfield code="a">Marine Power &amp; Propulsion (October 2011)</subfield>
   <subfield code="b">Supplements</subfield>
  </datafield>
 </record>
</collection>
